000 01029nam a2200277 i 4500
003 DO-SdBNP
005 20250225095517.0
007 ta
008 250225b1998 dr ||||| |||| 00| 0 spa d
040 _aDO-SdBNP
_bspa
_cBNPHU
_erda
082 4 _axxx
_bR618j
_222
100 1 _aRivas Pérez, Polivio Isauro,
_eautor
_4aut.
_987047
245 1 3 _aEl juzgado de paz en materia civil anotado /
_cPolivio Isauro Rivas Pérez ; prólogo, Artgnan Pérez Méndez ; edición, Héctor B. Guzmán
264 4 _aSanto Domingo :
_bEditora Dalis,
_c©1998.
300 _avolumen ;
_c23 cm.
336 _atexto
_btxt
_2rdacontent
337 _asin mediación
_bn
_2rdamedia
338 _avolumen
_bnc
_2rdacarrier
500 _aIncluye referencias bibliográficas y notas al pie de las páginas
504 _aBibliografía : páginas 437-438
590 _aInventariado, 2025/BT
700 1 _aPérez Méndez, Artgnan,
_eprologuista
_4pr.
_987048
700 1 _aGuzmán, Héctor B.,
_eeditor
_4ed.
_917989
910 _aBtavárez
942 _2ddc
_cLBS1
999 _c58222
_d58222